Statistiques concernant Les pokémons de la 1ere génération par types, sans les noms !

Cliquez ici pour prendre le quiz!

Statistiques générales

  • Ce quiz a été pris 236 fois
  • Le résultat moyen est 116 sur 151

Statistiques - réponses

N° PokédexType(s)Pokémon% Correct
007Eau
98%
008Eau
98%
009Eau
98%
118Eau
96%
117Eau
96%
129Eau
96%
055Eau
96%
060Eau
96%
061Eau
96%
120Eau
96%
119Eau
96%
086Eau
96%
134Eau
96%
054Eau
96%
116Eau
96%
098Eau
96%
090Eau
96%
099Eau
96%
077Feu
96%
078Feu
96%
004Feu
96%
058Feu
96%
059Feu
96%
005Feu
96%
126Feu
96%
037Feu
96%
038Feu
96%
136Feu
96%
114Plante
96%
052Normal
91%
115Normal
91%
128Normal
91%
113Normal
91%
053Normal
91%
108Normal
91%
132Normal
91%
133Normal
91%
020Normal
91%
019Normal
91%
137Normal
91%
143Normal
91%
063Psy
89%
065Psy
89%
097Psy
89%
096Psy
89%
064Psy
89%
151Psy
89%
150Psy
89%
127Insecte
84%
010Insecte
84%
011Insecte
84%
109Poison
84%
029Poison
84%
089Poison
84%
023Poison
84%
110Poison
84%
024Poison
84%
088Poison
84%
033Poison
84%
032Poison
84%
030Poison
84%
006Feu-Vol
83%
146Feu-Vol
83%
067Combat
82%
068Combat
82%
057Combat
82%
066Combat
82%
056Combat
82%
107Combat
82%
106Combat
82%
147Dragon
82%
148Dragon
82%
028Sol
82%
105Sol
82%
104Sol
82%
027Sol
82%
051Sol
82%
050Sol
82%
025Electrik
80%
026Electrik
80%
001Plante-PoisonBulbizarre
79%
044Plante-Poison
79%
043Plante-Poison
79%
045Plante-Poison
79%
003Plante-Poison
79%
069Plante-Poison
79%
070Plante-Poison
79%
002Plante-Poison
79%
071Plante-Poison
79%
125Electrik
78%
135Electrik
78%
101Electrik
78%
100Electrik
78%
123Insecte-Vol
75%
012Insecte-Vol
75%
016Normal-Vol
72%
022Normal-Vol
72%
084Normal-Vol
72%
021Normal-Vol
72%
018Normal-Vol
72%
017Normal-Vol
72%
083Normal-Vol
72%
085Normal-Vol
72%
091Eau-Glace
70%
131Eau-Glace
70%
087Eau-Glace
70%
015Insecte-Poison
70%
013Insecte-Poison
70%
014Insecte-Poison
70%
049Insecte-Poison
70%
048Insecte-Poison
70%
075Roche-Sol
66%
074Roche-Sol
66%
095Roche-Sol
66%
076Roche-Sol
66%
111Sol-Roche
66%
112Sol-Roche
66%
034Poison-Sol
65%
031Poison-Sol
65%
035Fée
64%
036Fée
64%
145Electrik-Vol
63%
149Dragon-Vol
62%
130Eau-Vol
62%
144Glace-Vol
61%
062Eau-Combat
60%
121Eau-Psy
60%
079Eau-Psy
60%
080Eau-Psy
60%
094Spectre-Poison
57%
093Spectre-Poison
57%
092Spectre-Poison
57%
039Normal-Fée
52%
040Normal-Fée
52%
140Roche-Eau
50%
141Roche-Eau
50%
138Roche-Eau
50%
139Roche-Eau
50%
124Glace-Psy
45%
042Poison-Vol
45%
041Poison-Vol
45%
142Roche-Vol
45%
046Insecte-Plante
42%
047Insecte-Plante
42%
103Plante-Psy
40%
102Plante-Psy
40%
081Electrik-Acier
36%
082Electrik-Acier
36%
072Eau-Poison
34%
073Eau-Poison
34%
122Psy-Fée
25%

Distribution des résultats

Percentile par nombre de réponses

% des personnes avec chaque résultat

Votre développement - résultats

Vous n’avez pas pris ce quiz